000 00261pam a2200121 a 4500
020 _c
041 _aeng
100 _aC.K Ennedy.A.E.
245 _aHuman Disease
_hTextual Documents
260 _aNew York
_bPenguin Books Ltd
300 _a267p.
930 _a15268
999 _c92168
_d92168